000 00314nam a22001337a 4500
008 190305b xxu||||| |||| 00| 0 eng d
020 _a9781572300248
041 _aeng
080 _a159.9
100 _a49
101 _aPSI
245 _aModels of Brief Psychodynamic Therapy
_cMesser,S.B
942 _2udc
_cBK
999 _c54454
_d54454